[Event "Titled Tuesday intern op 14th Jan Early"]
[Site "Chess.com INT"]
[Date "2025.01.14"]
[Round "4"]
[White "Timmermans, Mark"]
[Black "Ivic, Velimir"]
[Result "0-1"]
[WhiteElo "2404"]
[BlackElo "2620"]
[PlyCount "146"]
[EventDate "2025.01.14"]
[EventType "swiss (blitz)"]
[EventRounds "11"]
[EventCountry "USA"]
[SourceTitle "CB04_2025"]
[SourceDate "2025.01.22"]
[SourceVersion "1"]
[SourceVersionDate "2025.01.22"]
[SourceQuality "1"]

1. b4 e5 2. Bb2 Bxb4 3. Bxe5 Nf6 4. Nc3 0-0 5. Bxf6 Qxf6 6. Nd5 Qd4 7. Nxb4 Qxb4 8. e3 d5 9. Nf3 Qd6 10. c4 c5 11. cxd5 Qxd5 12. Be2 Nc6 13. 0-0 b6 14. d4 Bb7 15. dxc5 Qxc5 16. Qd7 Qe7 17. Rfd1 Rfd8 18. Qxe7 Nxe7 19. Nd4 Rac8 20. a4 Rc5 21. a5 Rxa5 22. Rxa5 bxa5 23. Ra1 Rc8 24. h3 Nc6 25. Nxc6 Rxc6 26. Rxa5 a6 27. Kh2 Rf6 28. Bf3 Bc8 29. Rc5 Bd7 30. Rc7 Be8 31. Ra7 Kf8 32. Be2 Bb5 33. Bxb5 axb5 34. Rb7 Rxf2 35. Rxb5 Re2 36. Rb3 g5 37. Kg3 Kg7 38. Kf3 Re1 39. Rb4 h5 40. h4 g4+ 41. Kf2 Rh1 42. Kg3 Kg6 43. Rb6+ f6 44. Rb5 Re1 45. Kf2 Rh1 46. Kg3 Rf1 47. Ra5 Rf5 48. Ra8 Kf7 49. Ra6 Ke7 50. Rb6 Kd7 51. Ra6 Ke7 52. Rb6 Re5 53. Kf4 Kf7 54. Ra6 Kg6 55. Rb6 Rf5+ 56. Kg3 Rf1 57. Ra6 Rb1 58. Rc6 Rb3 59. Kf4 Rb5 60. Ra6 Kf7 61. Rc6 Re5 62. Ra6 Kg6 63. Rb6 Rd5 64. Ra6 Rd2 65. Kg3 Re2 66. Ra3 Kf5 67. Ra5+ Ke4 68. Rxh5 f5 69. Rh8 Rxe3+ 70. Kh2 Kf4 71. Rg8 g3+ 72. Kh3 Re1 73. Rg4+ fxg4# 0-1

[Event "Bundesliga 2425"]
[Site "Germany"]
[Date "2025.01.12"]
[Round "6.1"]
[White "Ivic, Velimir"]
[Black "Warmerdam, Max"]
[Result "1-0"]
[WhiteElo "2599"]
[BlackElo "2679"]
[PlyCount "81"]
[EventDate "2024.09.28"]
[EventType "team-tourn"]
[EventRounds "15"]
[EventCountry "GER"]
[SourceTitle "CB06_2025"]
[SourceDate "2025.02.05"]
[SourceVersion "1"]
[SourceVersionDate "2025.02.05"]
[SourceQuality "1"]
[WhiteTeam "Werder Bremen"]
[BlackTeam "Solingen"]
[WhiteTeamCountry "GER"]
[BlackTeamCountry "GER"]

1. e4 g6 2. d4 d6 3. Nc3 Bg7 4. Be3 a6 5. h4 h5 6. Nf3 Nf6 7. Bd3 0-0 8. Qd2 Ng4 9. Bg5 c5 10. d5 b5 11. 0-0 Nd7 12. Rfe1 Re8 13. Bf1 Qc7 14. Rad1 Ndf6 15. Bf4 b4 16. Nb1 Bb7 17. c4 Rad8 18. Qc2 e5 19. Bc1 Bc8 20. Ng5 Nh7 21. Nxh7 Kxh7 22. f3 Nh6 23. a3 a5 24. axb4 axb4 25. Bd3 Qe7 26. Bg5 f6 27. Be3 Rg8 28. Nd2 Rdf8 29. Ra1 g5 30. Bf2 Bh8 31. Nf1 g4 32. f4 exf4 33. g3 fxg3 34. Bxg3 f5 35. exf5 Bd4+ 36. Kg2 Qf6 37. Nd2 b3 38. Nxb3 Bxb2 39. Ra7+ Kh8 40. Ree7 Rg7 41. Rxg7 1-0

[Event "Titled Tuesday intern op 07th Jan Early"]
[Site "Chess.com INT"]
[Date "2025.01.07"]
[Round "2"]
[White "Ambartsumian, Tyhran"]
[Black "Ivic, Velimir"]
[Result "1-0"]
[WhiteElo "2107"]
[BlackElo "2620"]
[PlyCount "81"]
[EventDate "2025.01.07"]
[EventType "swiss (blitz)"]
[EventRounds "11"]
[EventCountry "USA"]
[SourceTitle "CB03_2025"]
[SourceDate "2025.01.15"]
[SourceVersion "1"]
[SourceVersionDate "2025.01.15"]
[SourceQuality "1"]

1. e4 c5 2. Nf3 d6 3. Bb5+ Nd7 4. a4 Ngf6 5. Nc3 g6 6. 0-0 Bg7 7. Re1 0-0 8. a5 Ne5 9. Nxe5 dxe5 10. a6 b6 11. h3 Qd6 12. d3 Nh5 13. Bc4 e6 14. Nb5 Qe7 15. b4 cxb4 16. Bd2 Nf4 17. Rb1 Bxa6 18. g3 Bxb5 19. Bxb5 Nxh3+ 20. Kg2 Nxf2 21. Qf3 a5 22. Qxf2 Rfc8 23. Be3 a4 24. Bxb6 a3 25. Bc4 Bf8 26. Be3 Qb7 27. Bg5 Rxc4 28. dxc4 f5 29. Bf6 Rc8 30. Qe2 Rc5 31. Red1 Kf7 32. Bg5 Qc7 33. Rd2 Rxc4 34. Rbd1 Qc6 35. Kh2 Rxe4 36. Qf2 Qc5 37. Rd7+ Kg8 38. Qxc5 Bxc5 39. Rd8+ Bf8 40. Bh6 Rh4+ 41. gxh4 1-0

[Event "Titled Tuesday intern op 07th Jan Early"]
[Site "Chess.com INT"]
[Date "2025.01.07"]
[Round "6"]
[White "Ivic, Velimir"]
[Black "Stankovic, Ivan G"]
[Result "1-0"]
[WhiteElo "2620"]
[BlackElo "2308"]
[PlyCount "65"]
[EventDate "2025.01.07"]
[EventType "swiss (blitz)"]
[EventRounds "11"]
[EventCountry "USA"]
[SourceTitle "CB03_2025"]
[SourceDate "2025.01.15"]
[SourceVersion "1"]
[SourceVersionDate "2025.01.15"]
[SourceQuality "1"]

1. Nf3 c5 2. g3 Nc6 3. Bg2 e5 4. e4 g6 5. 0-0 Bg7 6. c3 Nge7 7. d3 0-0 8. a3 a5 9. a4 d6 10. Na3 Rb8 11. Nc4 h6 12. Nh4 g5 13. Nf3 Be6 14. Nfd2 f5 15. exf5 Bxf5 16. Qe2 Qd7 17. Ne4 Nc8 18. f4 exf4 19. gxf4 g4 20. Ng3 d5 21. Nxf5 dxc4 22. Nxg7 Qxg7 23. Qe6+ Kh8 24. f5 Qf6 25. Bxh6 Qxe6 26. fxe6 Rxf1+ 27. Rxf1 cxd3 28. Rf8+ Kh7 29. Bf4 Ra8 30. Be4+ Kg7 31. Rf7+ Kg8 32. Bh7+ Kh8 33. Bg5 1-0

[Event "Titled Tuesday intern op 07th Jan Early"]
[Site "Chess.com INT"]
[Date "2025.01.07"]
[Round "5"]
[White "Valle Luis, Leo"]
[Black "Ivic, Velimir"]
[Result "0-1"]
[WhiteElo "2235"]
[BlackElo "2620"]
[PlyCount "96"]
[EventDate "2025.01.07"]
[EventType "swiss (blitz)"]
[EventRounds "11"]
[EventCountry "USA"]
[SourceTitle "CB03_2025"]
[SourceDate "2025.01.15"]
[SourceVersion "1"]
[SourceVersionDate "2025.01.15"]
[SourceQuality "1"]

1. e4 g6 2. d4 Bg7 3. Nc3 d6 4. f4 a6 5. Nf3 b5 6. a3 Nd7 7. Be3 Bb7 8. Qd2 c5 9. dxc5 Nxc5 10. Bd3 Nf6 11. Bxc5 dxc5 12. e5 Nh5 13. Qe3 Bh6 14. Ne2 Qd5 15. Rd1 Qc6 16. c3 0-0 17. 0-0 Rad8 18. g4 c4 19. Bc2 Rxd1 20. Bxd1 Ng7 21. Ned4 Qd7 22. g5 Qg4+ 23. Kf2 Bxg5 24. Nxg5 Qg2+ 25. Ke1 Qxb2 26. Rf2 Qxa3 27. f5 Qc5 28. fxg6 hxg6 29. Bc2 Qd5 30. Re2 b4 31. cxb4 Rd8 32. Ngf3 a5 33. bxa5 Qxa5+ 34. Kf2 c3 35. e6 f5 36. Qe5 Qb6 37. Qg3 Bxf3 38. Kxf3 Qxd4 39. Qxg6 Qg4+ 40. Qxg4 fxg4+ 41. Kxg4 Rd4+ 42. Kf3 Rh4 43. Kg3 Rb4 44. Kf3 Nh5 45. Ke3 Nf6 46. Rf2 Ng4+ 47. Kf3 Nxf2 48. Kxf2 Rb2 0-1

[Event "EU-ch 24th"]
[Site "Petrovac"]
[Date "2024.11.19"]
[Round "11"]
[White "Ivic, Velimir"]
[Black "Socko, Bartosz"]
[Result "1-0"]
[WhiteElo "2622"]
[BlackElo "2554"]
[PlyCount "69"]
[EventDate "2024.11.08"]
[EventType "swiss"]
[EventRounds "11"]
[EventCountry "MNE"]
[SourceTitle "CB47_2024"]
[SourceDate "2024.11.20"]
[SourceVersion "1"]
[SourceVersionDate "2024.11.20"]
[SourceQuality "1"]

1. e4 e5 2. Nf3 Nc6 3. Bb5 a6 4. Ba4 Nf6 5. d3 d6 6. c3 Be7 7. 0-0 0-0 8. h3 b5 9. Bc2 d5 10. Nbd2 dxe4 11. dxe4 Be6 12. Ng5 Bd7 13. Qe2 h6 14. Ngf3 Qc8 15. Rd1 Qb7 16. Nf1 Bc5 17. Ne3 Bxe3 18. Bxe3 Be6 19. Nh4 Kh8 20. Qf3 Ng8 21. g4 Nce7 22. g5 Ng6 23. Qg3 Nxh4 24. Qxh4 Kh7 25. gxh6 g6 26. Kh2 Qc6 27. f4 exf4 28. Qxf4 Rae8 29. Bd4 f5 30. Rg1 fxe4 31. Bxe4 Bd5 32. Rxg6 Rxf4 33. Rg7+ Kxh6 34. Rh7+ Kg5 35. Rg1+ 1-0

[Event "EU-ch 24th"]
[Site "Petrovac"]
[Date "2024.11.18"]
[Round "10"]
[White "Gorshtein, Ido"]
[Black "Ivic, Velimir"]
[Result "0-1"]
[WhiteElo "2528"]
[BlackElo "2622"]
[PlyCount "76"]
[EventDate "2024.11.08"]
[EventType "swiss"]
[EventRounds "11"]
[EventCountry "MNE"]
[SourceTitle "CB47_2024"]
[SourceDate "2024.11.20"]
[SourceVersion "1"]
[SourceVersionDate "2024.11.20"]
[SourceQuality "1"]

1. c4 c6 2. Nf3 d5 3. e3 Nf6 4. Nc3 e6 5. b3 Nbd7 6. Qc2 Bd6 7. Bb2 0-0 8. Be2 Re8 9. d4 b6 10. 0-0 Bb7 11. a4 a5 12. cxd5 exd5 13. Bd3 Qe7 14. Nd2 Rac8 15. Rae1 c5 16. Qd1 Ne4 17. Nb5 Bb8 18. dxc5 bxc5 19. Bxe4 dxe4 20. Nc4 Rc6 21. g3 Rh6 22. Qg4 Nf6 23. Qg5 Qe6 24. Bxf6 Rxf6 25. Rd1 Rf5 26. Qg4 h5 27. Qh3 Bd5 28. Kg2 g6 29. Qh4 Kg7 30. Rd2 Bxc4 31. bxc4 Qxc4 32. Rd8 Rxd8 33. Qxd8 Be5 34. Qxa5 h4 35. Qd2 h3+ 36. Kg1 Qxa4 37. Nd6 Rf6 38. Nb7 Qb5 0-1

[Event "EU-ch 24th"]
[Site "Petrovac"]
[Date "2024.11.08"]
[Round "1"]
[White "Ivic, Velimir"]
[Black "Hovakimyan, Vache"]
[Result "1-0"]
[WhiteElo "2622"]
[BlackElo "2319"]
[PlyCount "101"]
[EventDate "2024.11.08"]
[EventType "swiss"]
[EventRounds "11"]
[EventCountry "MNE"]
[SourceTitle "CB47_2024"]
[SourceDate "2024.11.20"]
[SourceVersion "1"]
[SourceVersionDate "2024.11.20"]
[SourceQuality "1"]

1. c4 Nf6 2. Nc3 e5 3. Nf3 Nc6 4. g3 d5 5. cxd5 Nxd5 6. Bg2 Nb6 7. 0-0 Be7 8. b3 0-0 9. Bb2 Re8 10. Rc1 Bf8 11. Ne4 Nd4 12. e3 Nxf3+ 13. Qxf3 f5 14. Nc5 Qxd2 15. Bc3 Qd8 16. b4 e4 17. Qe2 c6 18. Rfd1 Qe7 19. Bd4 Nd5 20. b5 b6 21. Nb3 cxb5 22. Qxb5 Nb4 23. Rxc8 Raxc8 24. Qxf5 Nxa2 25. Nd2 Nc3 26. Bxc3 Rxc3 27. Nxe4 Rc7 28. Nd6 Rd8 29. Bd5+ Kh8 30. Nf7+ Qxf7 31. Bxf7 Rxd1+ 32. Kg2 Rd8 33. Ba2 Rcd7 34. h4 Rd2 35. Qf7 Bc5 36. Bb1 Bxe3 37. Kh3 Bd4 38. Qh5 h6 39. Qf5 Kg8 40. Qe6+ Kh8 41. Qe4 Kg8 42. f4 Rb2 43. Bc2 b5 44. g4 a6 45. g5 hxg5 46. hxg5 Rxc2 47. Qxc2 Rf8 48. Kg4 Kh8 49. Kh5 Be3 50. Kg6 Bxf4 51. Qc3 1-0

[Event "EU-Cup 39th"]
[Site "Vrnjacka Banja"]
[Date "2024.10.20"]
[Round "1.5"]
[White "Lavendelis, Egons"]
[Black "Ivic, Velimir"]
[Result "1/2-1/2"]
[WhiteElo "2280"]
[BlackElo "2610"]
[PlyCount "152"]
[EventDate "2024.10.20"]
[EventType "team-swiss"]
[EventRounds "7"]
[EventCountry "SRB"]
[SourceTitle "CB44_2024"]
[Source "Chessbase"]
[SourceDate "2024.10.30"]
[SourceVersion "1"]
[SourceVersionDate "2024.10.30"]
[SourceQuality "1"]
[WhiteTeam "Wasa"]
[BlackTeam "Alkaloid"]
[WhiteTeamCountry "SWE"]
[BlackTeamCountry "MKD"]

1. e4 e6 2. d4 d5 3. exd5 exd5 4. Bd3 Nc6 5. c3 Bd6 6. Qc2 Nge7 7. Bg5 h6 8. Bh4 f5 9. f3 Be6 10. Ne2 g5 11. Bf2 Qd7 12. Nd2 f4 13. 0-0-0 0-0-0 14. Kb1 Bf5 15. Nc1 h5 16. b4 Rde8 17. Ndb3 Bxd3 18. Nxd3 Qf5 19. Rhe1 Ng6 20. h3 b6 21. Rxe8+ Rxe8 22. Re1 Rxe1+ 23. Nxe1 Nce7 24. Qxf5+ Nxf5 25. Kc2 Kd7 26. Kd3 Be7 27. Nd2 c6 28. a3 Ke6 29. c4 dxc4+ 30. Kxc4 Nh8 31. Ne4 Nf7 32. Kd3 N7d6 33. Nc2 Nb5 34. a4 Nc7 35. Kc4 a6 36. Nc3 Nd5 37. Nxd5 b5+ 38. axb5 cxb5+ 39. Kc3 Kxd5 40. Na1 g4 41. hxg4 hxg4 42. fxg4 Nh6 43. g5 Bxg5 44. Nb3 Ng4 45. Bg1 Bh4 46. Nc5 Be1+ 47. Kd3 Bxb4 48. Nxa6 Bd6 49. Nc5 b4 50. Nb3 Be7 51. Nd2 Bh4 52. Ke2 Bg3 53. Nb3 Nh6 54. Kd3 Nf5 55. Nd2 Nh4 56. Ne4 Nxg2 57. Nf6+ Ke6 58. Nh5 Be1 59. Kc4 f3 60. d5+ Kf7 61. d6 Ke6 62. Bc5 Bd2 63. Bxb4 Bxb4 64. Kxb4 Kxd6 65. Kc4 Ke5 66. Kd3 Kf5 67. Ng3+ Kf4 68. Nh5+ Kg5 69. Ng3 Kg4 70. Ne4 Kf4 71. Nf2 Kf5 72. Kd2 Ke5 73. Ng4+ Kf4 74. Nh2 f2 75. Ke2 Kg3 76. Nf1+ Kg4 1/2-1/2